[Event "POR-ch prel"]
[Site "Lisbon"]
[Date "2007.08.14"]
[Round "4"]
[White "Peixoto, Antonio Pedro B Dua"]
[Black "Leonardo, Joao Paulo L"]
[Result "0-1"]
[WhiteElo "2132"]
[BlackElo "2258"]
[PlyCount "75"]
[EventDate "2007.08.11"]
[EventType "swiss"]
[EventRounds "9"]
[EventCountry "POR"]
[SourceTitle "EXT 2022"]
[Source "ChessBase"]
[SourceDate "2021.10.06"]
[SourceVersion "1"]
[SourceVersionDate "2021.10.06"]
[SourceQuality "1"]

1. c3 b6 2. f4 Bb7 3. Nf3 e6 4. d3 d5 5. e3 Nf6 6. Be2 c5 7. 0-0 Nbd7 8. Ne5 Bd6 9. d4 a6 10. Nd2 Ne4 11. Bd3 0-0 12. Qf3 f5 13. a4 Ndf6 14. Qe2 Nxd2 15. Bxd2 Ne4 16. Nf3 Qe8 17. g3 Qh5 18. Qg2 Rf6 19. Be2 Qe8 20. Kh1 Rh6 21. Rg1 Qg6 22. Be1 cxd4 23. exd4 Qe8 24. Bf2 Bc6 25. Bd1 Qe7 26. Ne5 Bxe5 27. fxe5 g5 28. Be3 Kh8 29. Bc2 Rf8 30. Rgf1 Rg8 31. Rg1 Rgg6 32. Qf1 a5 33. Re1 Qe8 34. Rg2 Bxa4 35. Bxe4 dxe4 36. c4 Bd7 37. Rd2 Kg8 38. c5 0-1

[Event "Lisbon Honra"]
[Site "Lisbon"]
[Date "2007.05.24"]
[Round "4"]
[White "Coimbra, Margarida Goncalves"]
[Black "Peixoto, Antonio Pedro B Dua"]
[Result "1-0"]
[WhiteElo "2093"]
[BlackElo "2091"]
[PlyCount "81"]
[EventDate "2007.05.21"]
[EventType "tourn"]
[EventRounds "9"]
[EventCountry "POR"]
[SourceTitle "EXT 2015"]
[Source "ChessBase"]
[SourceDate "2014.11.20"]
[SourceVersion "1"]
[SourceVersionDate "2014.11.20"]
[SourceQuality "1"]

1. e4 d5 2. exd5 c6 3. dxc6 Nxc6 4. Nf3 Nf6 5. Nc3 Bg4 6. Be2 e6 7. h3 Bh5 8. 0-0 Qa5 9. d3 Bd6 10. Ne4 Bc7 11. Bd2 Qd5 12. c4 Qd8 13. Bc3 Qe7 14. a3 Bg6 15. Qc2 Nh5 16. b4 f5 17. Ned2 Nf4 18. Rfe1 Rd8 19. b5 Nb8 20. Bf1 Bf7 21. Nb3 Nd7 22. Nbd4 e5 23. Bd2 Ne6 24. Nxf5 Qf6 25. Ng3 0-0 26. Ne4 Qe7 27. Bb4 Ndc5 28. Nxc5 Nxc5 29. d4 Bg6 30. Bxc5 Qe6 31. Qe2 e4 32. Bxf8 Rxf8 33. Ne5 Bf5 34. c5 Qf6 35. Qe3 h5 36. Rab1 Kh7 37. a4 g5 38. Be2 Kh6 39. h4 Rg8 40. Bc4 Rg7 41. hxg5+ 1-0

[Event "Honra"]
[Site "Honra"]
[Date "2004.??.??"]
[Round "4"]
[White "Oliveira, Carlos Andre Ramalh"]
[Black "Peixoto, Antonio Pedro B Dua"]
[Result "1-0"]
[WhiteElo "1985"]
[BlackElo "2110"]
[PlyCount "77"]
[EventDate "2004.??.??"]
[EventType "tourn"]
[EventRounds "7"]
[EventCountry "POR"]
[SourceTitle "EXT 2007"]
[Source "ChessBase"]
[SourceDate "2006.11.23"]
[SourceVersion "1"]
[SourceVersionDate "2006.11.23"]
[SourceQuality "1"]

1. d4 f5 2. Nf3 Nf6 3. g3 e6 4. Bg2 d5 5. c4 c6 6. 0-0 Bd6 7. c5 Bc7 8. Bf4 Bxf4 9. gxf4 h6 10. Nbd2 g5 11. fxg5 hxg5 12. Nxg5 Ng4 13. Ndf3 Nxh2 14. Nxh2 Qxg5 15. Qc1 Qh5 16. Qf4 Nd7 17. a4 e5 18. dxe5 Nf8 19. Nf3 Rg8 20. Ra3 Ng6 21. Qh2 Qg4 22. Qg3 Nf4 23. Nd4 Nxg2 24. Kxg2 Qe4+ 25. Nf3 Rxg3+ 26. fxg3 f4 27. gxf4 Qxf4 28. Rh1 Be6 29. Rh8+ Kd7 30. Rxa8 Qb4 31. Ra1 Qxc5 32. Rh1 Kc7 33. Rh7+ Kb6 34. Rb8 Qc2 35. Rbxb7+ Kc5 36. Kf2 Bf5 37. Rh4 Be4 38. Ne1 Qc4 39. Nd3+ 1-0

[Event "Batalha dos Mestres op 2nd"]
[Site "Lisbon"]
[Date "2003.10.03"]
[Round "3.22"]
[White "Peixoto, Antonio Pedro B Dua"]
[Black "Costa, Americo Jose"]
[Result "1-0"]
[WhiteElo "2124"]
[BlackElo "1970"]
[PlyCount "61"]
[EventDate "2003.10.01"]
[EventType "swiss"]
[EventRounds "9"]
[EventCountry "POR"]
[SourceTitle "CBM 097 Extra"]
[Source "ChessBase"]
[SourceDate "2004.01.13"]
[SourceVersion "1"]
[SourceVersionDate "2004.01.13"]
[SourceQuality "1"]

1. e4 e6 2. d4 d5 3. Nc3 Nf6 4. Bg5 Be7 5. e5 Ng8 6. h4 Bxg5 7. hxg5 Qxg5 8. Nh3 Qh6 9. f4 Qh4+ 10. Kd2 Nh6 11. Bd3 Bd7 12. g3 Qxg3 13. Ne2 Qg4 14. Qf1 f5 15. Ng5 Nf7 16. Nxf7 Kxf7 17. Qf2 c5 18. dxc5 Nc6 19. Rag1 Nxe5 20. Rxg4 Nxg4 21. Qh4 Rag8 22. Nd4 h6 23. Nf3 Bc6 24. Nd4 g5 25. fxg5 hxg5 26. Qxh8 Rxh8 27. Rxh8 Nf6 28. Nxc6 bxc6 29. b4 f4 30. b5 cxb5 31. c6 1-0

[Event "Loures YM 9th"]
[Site "Loures"]
[Date "2001.11.27"]
[Round "1"]
[White "Janev, Evgeni"]
[Black "Peixoto, Antonio Pedro B Dua"]
[Result "1-0"]
[WhiteElo "2487"]
[BlackElo "2118"]
[PlyCount "51"]
[EventDate "2001.11.27"]
[EventType "tourn"]
[EventRounds "11"]
[EventCountry "POR"]
[EventCategory "2"]
[SourceTitle "CBM 085 Extra"]
[Source "ChessBase"]
[SourceDate "2002.01.21"]
[SourceVersion "1"]
[SourceVersionDate "2002.01.21"]
[SourceQuality "1"]

1. e4 c6 2. d4 d5 3. exd5 cxd5 4. c4 Nf6 5. Nc3 e6 6. Nf3 Be7 7. Bd3 dxc4 8. Bxc4 0-0 9. 0-0 Nc6 10. a3 b6 11. b4 Bb7 12. Bb2 Rc8 13. Bb3 Qc7 14. Qe2 Qf4 15. Rad1 Rfe8 16. Rfe1 Rcd8 17. d5 exd5 18. Nxd5 Nxd5 19. Bxd5 Kf8 20. Qc2 Qh6 21. Bc1 Qg6 22. Be4 Rxd1 23. Rxd1 Qe6 24. Bf5 Qf6 25. Bg5 Nd4 26. Bxf6 1-0

[Event "Lisbon op"]
[Site "Lisbon"]
[Date "2001.08.27"]
[Round "7"]
[White "Peixoto, Antonio Pedro B Dua"]
[Black "Blalock, Rex E"]
[Result "1-0"]
[WhiteElo "2112"]
[BlackElo "2241"]
[PlyCount "81"]
[EventDate "2001.08.21"]
[EventType "swiss"]
[EventRounds "9"]
[EventCountry "POR"]
[SourceTitle "EXT 2002"]
[Source "ChessBase"]
[SourceDate "2001.11.25"]
[SourceVersion "1"]
[SourceVersionDate "2001.11.25"]
[SourceQuality "1"]

1. c3 Nf6 2. f4 e6 3. Nf3 b6 4. d3 d5 5. e3 Be7 6. Be2 0-0 7. Nbd2 Bb7 8. Nf1 c5 9. Ng3 Nc6 10. 0-0 d4 11. e4 dxc3 12. bxc3 Qd7 13. f5 e5 14. Bg5 Rad8 15. Qc1 Ba6 16. Rd1 Qc7 17. Bh6 gxh6 18. Qxh6 Ne8 19. Nf1 Rd6 20. Qh3 Qd8 21. Ne1 Bg5 22. g3 Kh8 23. Qh5 Qe7 24. h4 Bh6 25. Qf3 Rg8 26. Ng2 Nf6 27. Nh2 Rgd8 28. g4 Bf4 29. g5 Bxh2+ 30. Kxh2 Ng8 31. f6 Qd7 32. Qh5 Qe8 33. Ne3 Bxd3 34. Bf3 Ba6 35. Rg1 Rd2+ 36. Kh1 R8d3 37. Nd5 Rxd5 38. exd5 Qd7 39. Rg3 Qf5 40. Rag1 e4 41. Qxf7 1-0

[Event "Young Masters 8th"]
[Site "Loures"]
[Date "2000.11.16"]
[Round "10"]
[White "Peixoto, Antonio Pedro B Dua"]
[Black "Del Rio de Angelis, Salvador Gabriel"]
[Result "0-1"]
[WhiteElo "2113"]
[BlackElo "2467"]
[PlyCount "34"]
[EventDate "2000.11.07"]
[EventType "tourn"]
[EventRounds "10"]
[EventCountry "POR"]
[EventCategory "2"]
[SourceTitle "CBM 079 Extra"]
[Source "ChessBase"]
[SourceDate "2001.01.11"]
[SourceVersion "2"]
[SourceVersionDate "2001.01.25"]
[SourceQuality "1"]

1. c4 Nf6 2. Nc3 e6 3. e4 c5 4. e5 Ng8 5. Nf3 d6 6. g3 dxe5 7. Nxe5 Nd7 8. Qa4 Bd6 9. f4 Nh6 10. Nf3 0-0 11. Bg2 e5 12. fxe5 Nxe5 13. Nxe5 Bxe5 14. 0-0 Ng4 15. h3 Qd4+ 16. Kh1 Nf2+ 17. Kh2 Qh4 0-1

[Event "Young Masters 8th"]
[Site "Loures"]
[Date "2000.11.13"]
[Round "7"]
[White "Ikonnikov, Vyacheslav"]
[Black "Peixoto, Antonio Pedro B Dua"]
[Result "1-0"]
[WhiteElo "2548"]
[BlackElo "2113"]
[PlyCount "57"]
[EventDate "2000.11.07"]
[EventType "tourn"]
[EventRounds "10"]
[EventCountry "POR"]
[EventCategory "2"]
[SourceTitle "CBM 079 Extra"]
[Source "ChessBase"]
[SourceDate "2001.01.11"]
[SourceVersion "2"]
[SourceVersionDate "2001.01.25"]
[SourceQuality "1"]

1. d4 f5 2. Nf3 Nf6 3. g3 e6 4. Bg2 d6 5. 0-0 Be7 6. c4 Nbd7 7. Qc2 Nf8 8. Nc3 Ng6 9. e4 0-0 10. e5 Ng4 11. h3 Nh6 12. Bxh6 gxh6 13. Rad1 c6 14. exd6 Bxd6 15. Ne5 Bd7 16. Rfe1 Qc7 17. Nxd7 Qxd7 18. c5 Bc7 19. Qb3 f4 20. Rxe6 Kh8 21. Ne4 Qg7 22. Qxb7 Rab8 23. Qxc6 fxg3 24. fxg3 Nh4 25. gxh4 Rxb2 26. Nf6 Qg3 27. Ng4 Rbf2 28. Re3 Qf4 29. Qe4 1-0

[Event "POR-ch 56th "]
[Site "Barreiro"]
[Date "2000.09.07"]
[Round "6"]
[White "Andrade, Jose Manuel Vieira"]
[Black "Peixoto, Antonio Pedro B Dua"]
[Result "1-0"]
[WhiteElo "2196"]
[BlackElo "2113"]
[PlyCount "25"]
[EventDate "2000.09.02"]
[EventType "swiss"]
[EventRounds "9"]
[EventCountry "POR"]
[SourceTitle "CBM 077 Extra"]
[Source "ChessBase"]
[SourceDate "2000.09.14"]
[SourceVersion "1"]
[SourceVersionDate "2000.09.14"]
[SourceQuality "1"]

1. c4 e5 2. Nc3 f5 3. g3 Nf6 4. Bg2 Nc6 5. d3 Bc5 6. e3 g5 7. Nge2 Qe7 8. a3 a5 9. d4 exd4 10. exd4 Bxd4 11. Nd5 Nxd5 12. cxd5 Qc5 13. 0-0 1-0

[Event "Lisbon Summer op"]
[Site "Lisbon"]
[Date "2000.08.24"]
[Round "4"]
[White "Leonardo, Joao Paulo L"]
[Black "Peixoto, Antonio Pedro B Dua"]
[Result "1-0"]
[WhiteElo "2301"]
[BlackElo "2113"]
[PlyCount "78"]
[EventDate "2000.08.21"]
[EventType "swiss"]
[EventRounds "10"]
[EventCountry "POR"]
[SourceTitle "EXT 2001"]
[Source "ChessBase"]
[SourceDate "2000.11.22"]
[SourceVersion "1"]
[SourceVersionDate "2000.11.22"]
[SourceQuality "1"]

1. e4 c6 2. d4 d5 3. e5 Bf5 4. Nf3 e6 5. a3 h6 6. Be2 Ne7 7. Nbd2 Bg4 8. h3 Bxf3 9. Nxf3 a5 10. 0-0 a4 11. c4 dxc4 12. Bxc4 Nd7 13. Bd3 Nd5 14. Bc2 N7b6 15. Bd3 Be7 16. Qe2 g5 17. Nh2 h5 18. g3 Kd7 19. Bd2 g4 20. hxg4 h4 21. Kg2 Qg8 22. Rh1 Qg7 23. Qf3 f6 24. exf6 Bxf6 25. Rae1 Rae8 26. g5 Bxd4 27. Ng4 hxg3 28. fxg3 Nc8 29. Rxh8 Qxh8 30. Rh1 Qg8 31. Be1 Rf8 32. Qe4 Bg7 33. Rh7 Qf7 34. Ne5+ Bxe5 35. Rxf7+ Rxf7 36. Qxe5 Nd6 37. g6 Rf8 38. g7 Rg8 39. Bh7 Nf7 1-0

[Event "Lisbon-ch"]
[Site "Lisbon"]
[Date "2000.05.22"]
[Round "5"]
[White "Rodrigues, Rui"]
[Black "Peixoto, Antonio Pedro B Dua"]
[Result "0-1"]
[WhiteElo "2128"]
[BlackElo "2082"]
[PlyCount "86"]
[EventDate "2000.05.15"]
[EventType "tourn"]
[EventRounds "11"]
[EventCountry "POR"]
[SourceTitle "EXT 2002"]
[Source "ChessBase"]
[SourceDate "2001.11.25"]
[SourceVersion "1"]
[SourceVersionDate "2001.11.25"]
[SourceQuality "1"]

1. d4 f5 2. Nc3 d5 3. Bg5 Nf6 4. Bxf6 exf6 5. e3 c6 6. Bd3 Qb6 7. a3 Bd6 8. Nf3 g6 9. 0-0 Nd7 10. Re1 Nf8 11. b4 Ne6 12. Na4 Qd8 13. Nc5 Nc7 14. c4 b6 15. Na4 dxc4 16. Bc2 Nd5 17. e4 fxe4 18. Bxe4 0-0 19. h4 Bg4 20. Qd2 Kg7 21. Nc3 Bf4 22. Qb2 Rc8 23. g3 Bb8 24. Nh2 Bh3 25. Re2 f5 26. Bg2 Bxg2 27. Kxg2 Nxc3 28. Qxc3 Qd5+ 29. f3 Rcd8 30. Rd1 Rf7 31. Qe1 h5 32. Re6 c5 33. bxc5 bxc5 34. Re7 cxd4 35. Qb4 d3 36. Rde1 Bd6 37. Rxf7+ Kxf7 38. Qd2 Kg7 39. Qc3+ Kh7 40. Nf1 Bf8 41. Ne3 Qd4 42. Qxc4 d2 43. Qxd4 dxe1N+ 0-1

[Event "Lisbon-ch"]
[Site "Lisbon"]
[Date "2000.05.19"]
[Round "4"]
[White "Peixoto, Antonio Pedro B Dua"]
[Black "Guerra, Vitor Manuel Vestia"]
[Result "0-1"]
[WhiteElo "2082"]
[BlackElo "2131"]
[PlyCount "43"]
[EventDate "2000.05.15"]
[EventType "tourn"]
[EventRounds "11"]
[EventCountry "POR"]
[SourceTitle "EXT 2002"]
[Source "ChessBase"]
[SourceDate "2001.11.25"]
[SourceVersion "1"]
[SourceVersionDate "2001.11.25"]
[SourceQuality "1"]

1. c3 c5 2. d4 cxd4 3. cxd4 d5 4. Nc3 Nf6 5. Nf3 e6 6. Bg5 Be7 7. e3 0-0 8. Bd3 a6 9. Ne5 Nbd7 10. f4 Nxe5 11. fxe5 Ne8 12. Bxe7 Qxe7 13. 0-0 f6 14. exf6 Nxf6 15. e4 dxe4 16. Nxe4 Bd7 17. Nxf6+ Rxf6 18. Rxf6 Qxf6 19. Qg4 Bc6 20. Rf1 Qe7 21. Re1 Rd8 22. Bf5 0-1

[Event "Lisbon-ch"]
[Site "Lisbon"]
[Date "2000.05.18"]
[Round "3"]
[White "Andrade, Jose Manuel Vieira"]
[Black "Peixoto, Antonio Pedro B Dua"]
[Result "0-1"]
[WhiteElo "2196"]
[BlackElo "2082"]
[PlyCount "56"]
[EventDate "2000.05.15"]
[EventType "tourn"]
[EventRounds "11"]
[EventCountry "POR"]
[SourceTitle "EXT 2002"]
[Source "ChessBase"]
[SourceDate "2001.11.25"]
[SourceVersion "1"]
[SourceVersionDate "2001.11.25"]
[SourceQuality "1"]

1. e4 c6 2. c4 d5 3. exd5 cxd5 4. cxd5 Nf6 5. Qa4+ Nbd7 6. Nc3 g6 7. g3 Bg7 8. Bg2 0-0 9. d4 a6 10. Qb3 b5 11. a4 Bb7 12. Nge2 b4 13. Qxb4 Rb8 14. Qa3 e5 15. 0-0 Re8 16. Bg5 Qb6 17. a5 Qa7 18. Rfd1 Ng4 19. h3 Nxf2 20. Kxf2 exd4 21. Ne4 Bxd5 22. N2c3 Rxb2+ 23. Kf1 Bc4+ 24. Kg1 dxc3+ 25. Kh1 Rxe4 26. Bxe4 Qf2 27. Bd2 Qxg3 28. Bg2 Be5 0-1

[Event "Lisbon-ch"]
[Site "Lisbon"]
[Date "2000.05.16"]
[Round "2"]
[White "Peixoto, Antonio Pedro B Dua"]
[Black "Lima, Paulo"]
[Result "0-1"]
[WhiteElo "2082"]
[BlackElo "2049"]
[PlyCount "72"]
[EventDate "2000.05.15"]
[EventType "tourn"]
[EventRounds "11"]
[EventCountry "POR"]
[SourceTitle "EXT 2002"]
[Source "ChessBase"]
[SourceDate "2001.11.25"]
[SourceVersion "1"]
[SourceVersionDate "2001.11.25"]
[SourceQuality "1"]

1. c3 d5 2. d4 Nf6 3. Nf3 g6 4. Bg5 Bg7 5. Nbd2 0-0 6. e3 c6 7. Be2 Nbd7 8. 0-0 Re8 9. h3 e5 10. dxe5 Nxe5 11. Nxe5 Rxe5 12. Nf3 Re8 13. Qa4 Qb6 14. Rfe1 Ne4 15. Qb3 Nc5 16. Qa3 Bf8 17. b4 Ne4 18. Bf4 a5 19. Be5 Bd7 20. Bd4 Qc7 21. Qb2 b6 22. c4 axb4 23. cxd5 c5 24. Be5 Rxe5 25. Qxe5 Nd6 26. Ng5 Qd8 27. Qf4 Qe7 28. Bf1 Bh6 29. h4 f6 30. e4 fxg5 31. Qe3 Ra3 32. Qc1 Qe5 33. g3 Bg7 34. Rb1 gxh4 35. Bg2 hxg3 36. f4 Qh5 0-1